Development of small and medium enterprises in ASEAN countries / (Record no. 29104)

MARC details
000 -LEADER
fixed length control field 01101nam a22002775a 4500
005 - DATE AND TIME OF LATEST TRANSACTION
control field 20090811114829.0
008 - FIXED-LENGTH DATA ELEMENTS--GENERAL INFORMATION
fixed length control field 941012s1993 po 100 0 eng d
010 ## - LCCN (DPL NO)
LC control number ENG-94713
020 ## - INTERNATIONAL STANDARD BOOK NUMBER
International Standard Book Number 9788189973988
Terms of availability 1195.00
020 ## - INTERNATIONAL STANDARD BOOK NUMBER
International Standard Book Number 8189973983
Terms of availability 1195.00
035 ## - SYSTEM CONTROL NUMBER
System control number EN-78246
037 ## - SOURCE OF ACQUISITION
Source of stock number/acquisition DBAD / PUB
040 ## - CATALOGING SOURCE
Original cataloging agency dpl
Language of cataloging English
082 ## - DEWEY DECIMAL CLASSIFICATION NUMBER
Classification number 338.6420959
100 ## - MAIN ENTRY--PERSONAL NAME
Personal name Tambunan, Tulus
245 ## - TITLE STATEMENT
Title Development of small and medium enterprises in ASEAN countries /
Statement of responsibility, etc by Tulus Tambunan
260 ## - PUBLICATION, DISTRIBUTION, ETC. (IMPRINT)
Place of publication, distribution, etc New Delhi
Name of publisher, distributor, etc Readworthy Publications
Date of publication, distribution, etc 2009
270 ## - ADDRESS
Address 4662/21, Ansari Road, Daryaganj
City New Delhi
Postal code 110002
300 ## - PHYSICAL DESCRIPTION
Extent 390p.
Dimensions 24cm(Hb)
500 ## - GENERAL NOTE
General note Includes bibliographical references and index
650 ## - SUBJECT ADDED ENTRY--TOPICAL TERM
Topical term or geographic name as entry element Small business
Geographic subdivision Southeast Asia
650 ## - SUBJECT ADDED ENTRY--TOPICAL TERM
Topical term or geographic name as entry element Industrial policy
Geographic subdivision Southeast Asia
650 ## - SUBJECT ADDED ENTRY--TOPICAL TERM
Topical term or geographic name as entry element Economic development
Geographic subdivision Southeast Asia
942 ## - ADDED ENTRY ELEMENTS (KOHA)
Source of classification or shelving scheme Dewey Decimal Classification
Item type English Books
Call number suffix TAM
Classification part 338.6420959
Holdings
Withdrawn status Lost status Source of classification or shelving scheme Damaged status Not for loan Collection code Home library Current library Date acquired Source of acquisition Cost, normal purchase price Total Checkouts Full call number Barcode Date last seen Copy number Cost, replacement price Koha item type
    Dewey Decimal Classification   Not For Loan Non-fiction D.B.Act.Division D.B.Act.Division 11/08/2009 DBAD / PUB 1195.00   338.6420959 TAM EN-78246 11/08/2009 1 1195.00 English Books

© Delhi Public Library
Hit Counter
free hit counter